000 01271nam a2200301 a 4500
001 632643
003 ARRUPE
005 20160318112458.0
008 930715s1992 ke a b 000 0 eng
010 _a 92982018
040 _aDLC
_cDLC
043 _af-ke---
050 0 0 _aJQ2947.A95
_bW35 1992
082 0 0 _a324.6/096762
_220
100 1 _aWanjohi, Nick Gatheru.
_922981
245 1 0 _aMultiparty electoral process in Kenya /
_cNick Gatheru Wanjohi ; prepared for the National Council of Churches of Kenya, Education for Participatory Democracy Project, Justice, Peace and Reconciliation Programme.
260 _aNairobi, Kenya :
_bNational Council of Churches of Kenya,
_c1992.
300 _a81 p.;
_bill. ;
_c21 cm.
500 _a"July 1992."
504 _aIncludes bibliographical references (p. 81).
650 0 _aElections
_zKenya.
_922982
650 0 _aVoting
_zKenya.
_922983
650 0 _aPolitical parties
_zKenya.
_922984
710 2 _aEducation for Participatory Democracy Project (National Council of Churches of Kenya)
_922985
906 _a7
_bcbc
_corignew
_d2
_encip
_f19
_gy-gencatlg
942 _2lcc
_cMONOGRAPH
999 _c124386
_d124386